[Event "HUN-chT2 Toth 0910"]
[Site "Hungary"]
[Date "2010.04.11"]
[Round "9.10"]
[White "Egri, Laszlo"]
[Black "Meszaros, Imre"]
[Result "1-0"]
[WhiteElo "1982"]
[BlackElo "1597"]
[PlyCount "131"]
[EventDate "2009.11.08"]
[EventType "team-tourn"]
[EventRounds "11"]
[EventCountry "HUN"]
[SourceTitle "EXT 2011"]
[Source "ChessBase"]
[SourceDate "2010.11.26"]
[SourceVersion "1"]
[SourceVersionDate "2010.11.26"]
[SourceQuality "1"]
[WhiteTeam "Kisujszallas"]
[BlackTeam "Szentes Spartacus"]
[WhiteTeamCountry "HUN"]
[BlackTeamCountry "HUN"]

1. d4 Nf6 2. Nf3 e6 3. c4 Bb4+ 4. Bd2 Qe7 5. a3 Bxd2+ 6. Qxd2 0-0 7. Nc3 d6 8. e3 a6 9. Bd3 Nbd7 10. 0-0 e5 11. Qc2 Re8 12. Nd2 g6 13. b4 c6 14. d5 Nb6 15. e4 Nbd7 16. Nb3 cxd5 17. cxd5 b6 18. Qe2 Nb8 19. Rac1 Ra7 20. Na4 b5 21. Nc3 Nfd7 22. Qe3 Rc7 23. Na5 Nf6 24. Be2 Bd7 25. Qb6 Rec8 26. Na2 Qd8 27. Qxd6 Nxe4 28. Qxe5 Rxc1 29. Rxc1 Rxc1+ 30. Nxc1 Qc8 31. Nd3 Nc3 32. Bf3 Nb1 33. Qb2 Nc3 34. Nc5 Na4 35. Nxa4 bxa4 36. h3 Bb5 37. Qd2 Nd7 38. Bg4 f5 39. Be2 Bxe2 40. Qxe2 Qc1+ 41. Kh2 Qf4+ 42. g3 Qe4 43. Qxe4 fxe4 44. Nb7 Nb6 45. d6 Kf7 46. Nc5 Nc4 47. Nxa6 Nxa3 48. Nc5 Nb5 49. d7 Ke7 50. Nxa4 Kxd7 51. Nc5+ Kd6 52. Nxe4+ Ke5 53. Ng5 h5 54. f4+ Kf5 55. Nf3 Ke6 56. h4 Kf5 57. Ne5 Kf6 58. Kg2 Nd6 59. Kf3 Kf5 60. Ke3 Kf6 61. Kd4 Nf5+ 62. Kd5 Nxg3 63. b5 Ne2 64. b6 Nxf4+ 65. Kd6 Ne6 66. b7 1-0

[Event "HUN-chT2 Toth 0809"]
[Site "Hungary"]
[Date "2009.04.05"]
[Round "10.8"]
[White "Meszaros, Imre"]
[Black "Balogh, David"]
[Result "1-0"]
[WhiteElo "2005"]
[BlackElo "1973"]
[PlyCount "65"]
[EventDate "2008.10.26"]
[EventType "tourn"]
[EventRounds "11"]
[EventCountry "HUN"]
[SourceTitle "EXT 2010"]
[Source "ChessBase"]
[SourceDate "2010.11.25"]
[SourceVersion "1"]
[SourceVersionDate "2010.11.25"]
[SourceQuality "1"]
[WhiteTeam "Szentes"]
[BlackTeam "Kisujszallas"]
[WhiteTeamCountry "HUN"]
[BlackTeamCountry "HUN"]

1. c4 Nf6 2. Nc3 g6 3. g3 Bg7 4. Bg2 0-0 5. e4 d6 6. Nge2 e5 7. 0-0 Nc6 8. h3 Re8 9. d3 Nd7 10. Be3 Nd4 11. Qd2 c6 12. f4 a5 13. f5 Nc5 14. g4 Bd7 15. Ng3 Qh4 16. Bf2 Bh6 17. Qd1 Qd8 18. Nce2 Nxe2+ 19. Qxe2 Qc7 20. Rad1 b6 21. Qf3 Bc8 22. d4 Na6 23. h4 exd4 24. Bxd4 Bg7 25. Bxg7 Kxg7 26. Qf4 Rd8 27. h5 Bb7 28. fxg6 fxg6 29. Qf6+ Kg8 30. hxg6 Rf8 31. Qe6+ Kh8 32. Rf7 Rxf7 33. gxf7 1-0

[Event "HUN-chT2 Toth 0809"]
[Site "Hungary"]
[Date "2009.03.08"]
[Round "9.9"]
[White "Meszaros, Imre"]
[Black "Herczku, Daniel"]
[Result "1/2-1/2"]
[WhiteElo "2005"]
[BlackElo "2096"]
[PlyCount "101"]
[EventDate "2008.10.26"]
[EventType "tourn"]
[EventRounds "11"]
[EventCountry "HUN"]
[SourceTitle "EXT 2010"]
[Source "ChessBase"]
[SourceDate "2010.11.25"]
[SourceVersion "1"]
[SourceVersionDate "2010.11.25"]
[SourceQuality "1"]
[WhiteTeam "Szentes"]
[BlackTeam "Toth Laszlo"]
[WhiteTeamCountry "HUN"]
[BlackTeamCountry "HUN"]

1. c4 f5 2. Nc3 Nf6 3. g3 g6 4. Bg2 Bg7 5. e4 fxe4 6. Nxe4 Nxe4 7. Bxe4 0-0 8. Ne2 c6 9. 0-0 d5 10. cxd5 cxd5 11. Bg2 Kh8 12. d4 Nc6 13. Be3 Bg4 14. Qd2 Qd7 15. f3 Bh3 16. Bh6 Bxh6 17. Qxh6 Bxg2 18. Kxg2 Qf5 19. Qd2 Rad8 20. h3 e5 21. dxe5 Nxe5 22. Nd4 Qf6 23. b3 Nc6 24. Rad1 Rfe8 25. Nxc6 bxc6 26. Qd4 Qxd4 27. Rxd4 c5 28. Rd2 d4 29. Rc1 Re5 30. f4 Red5 31. Rc4 a5 32. Ra4 Ra8 33. Kf3 Kg7 34. Ke4 Rd7 35. Kd3 Kf6 36. Re2 Re7 37. Rxe7 Kxe7 38. a3 Rb8 39. Kc4 d3 40. Kxd3 Rxb3+ 41. Kc4 Rxg3 42. Rxa5 Rxh3 43. Ra7+ Kf6 44. Kxc5 Kf5 45. Rf7+ Kg4 46. a4 h5 47. Rf6 Rc3+ 48. Kb4 Rc8 49. Rxg6+ Kxf4 50. a5 h4 51. Rh6 1/2-1/2

[Event "HUN-chT2 Toth 0708"]
[Site "Hungary"]
[Date "2008.03.30"]
[Round "9"]
[White "Kadnar, Emil"]
[Black "Meszaros, Imre"]
[Result "0-1"]
[WhiteElo "1783"]
[BlackElo "1997"]
[PlyCount "70"]
[EventDate "2007.10.14"]
[EventType "team-tourn"]
[EventRounds "11"]
[EventCountry "HUN"]
[SourceTitle "EXT 2009"]
[Source "ChessBase"]
[SourceDate "2008.11.26"]
[SourceVersion "1"]
[SourceVersionDate "2008.11.26"]
[SourceQuality "1"]
[WhiteTeam "Roszke"]
[BlackTeam "Szentes"]
[WhiteTeamCountry "HUN"]
[BlackTeamCountry "HUN"]

1. e4 c5 2. c3 e6 3. Nf3 Nf6 4. e5 Nd5 5. d4 cxd4 6. cxd4 Nc6 7. a3 Qc7 8. Nc3 Nxc3 9. bxc3 d6 10. Bb5 Bd7 11. 0-0 dxe5 12. Bxc6 Bxc6 13. Nxe5 Bb5 14. c4 Bxc4 15. Qa4+ b5 16. Qc2 Rc8 17. Nxc4 Qxc4 18. Qb2 Be7 19. Be3 0-0 20. a4 b4 21. Rfc1 Qd5 22. Rxc8 Rxc8 23. Rc1 Qb7 24. Rxc8+ Qxc8 25. Qb3 Qb7 26. Kf1 h6 27. f3 a5 28. Kf2 Bg5 29. f4 Bf6 30. h3 g5 31. fxg5 Bxg5 32. Bxg5 hxg5 33. g4 Qd5 34. Qxd5 exd5 35. Ke3 Kg7 0-1

[Event "HUN-chT2 Toth 0708"]
[Site "Hungary"]
[Date "2007.11.25"]
[Round "3"]
[White "Meszaros, Imre"]
[Black "Mike, Peter"]
[Result "0-1"]
[WhiteElo "2044"]
[BlackElo "1804"]
[PlyCount "86"]
[EventDate "2007.10.14"]
[EventType "team-tourn"]
[EventRounds "11"]
[EventCountry "HUN"]
[SourceTitle "EXT 2009"]
[Source "ChessBase"]
[SourceDate "2008.11.26"]
[SourceVersion "1"]
[SourceVersionDate "2008.11.26"]
[SourceQuality "1"]
[WhiteTeam "Szentes"]
[BlackTeam "Maroczy II"]
[WhiteTeamCountry "HUN"]
[BlackTeamCountry "HUN"]

1. c4 c6 2. d4 d5 3. e3 Nf6 4. Nf3 e6 5. Bd3 Nbd7 6. 0-0 dxc4 7. Bxc4 b5 8. Bd3 Bb7 9. Nbd2 a6 10. e4 c5 11. e5 Nd5 12. dxc5 Nxc5 13. Ne4 Nb4 14. Nxc5 Bxc5 15. Bb1 Qxd1 16. Rxd1 0-0 17. a3 Rfd8 18. Re1 Nd3 19. Bxd3 Rxd3 20. Be3 Bxe3 21. Rxe3 Rad8 22. Kf1 Rxe3 23. fxe3 Bxf3 24. gxf3 Rd2 25. Rc1 h5 26. Rc8+ Kh7 27. Ra8 Rxb2 28. Rxa6 Rxh2 29. Rb6 Ra2 30. Rxb5 Rxa3 31. Kf2 g5 32. Rb4 Kg6 33. Rb7 Ra5 34. f4 Ra4 35. fxg5 Ra5 36. Kf3 Rxe5 37. e4 Rxg5 38. Rb1 h4 39. Rh1 Rg3+ 40. Kf4 Rd3 41. Rxh4 f6 42. Rg4+ Kf7 43. Rg1 e5+ 0-1

[Event "HUN-chT2 Toth 0607"]
[Site "Hungary"]
[Date "2006.11.26"]
[Round "2"]
[White "Meszaros, Imre"]
[Black "Varadi, Laszlo"]
[Result "0-1"]
[WhiteElo "2044"]
[BlackElo "2197"]
[PlyCount "40"]
[EventDate "2006.11.12"]
[EventType "team-tourn"]
[EventRounds "11"]
[EventCountry "HUN"]
[SourceTitle "EXT 2025"]
[Source "ChessBase"]
[SourceDate "2024.10.14"]
[SourceVersion "1"]
[SourceVersionDate "2024.10.14"]
[SourceQuality "1"]
[WhiteTeam "Szentes Spart"]
[BlackTeam "Gy DSE"]
[WhiteTeamCountry "HUN"]
[BlackTeamCountry "HUN"]

1. c4 Nf6 2. Nc3 g6 3. d4 d5 4. e3 Bg7 5. Nf3 0-0 6. Bd3 c5 7. 0-0 cxd4 8. exd4 Nc6 9. cxd5 Nxd5 10. Be4 Be6 11. h3 Rc8 12. a3 Na5 13. Ne2 Nf6 14. Bc2 Qc7 15. Nc3 Nd5 16. Bd2 Nc4 17. Nxd5 Bxd5 18. Bc3 Nxb2 19. Bxb2 Qxc2 20. Qxc2 Rxc2 0-1

[Event "HUN-chT2 Toth 0506"]
[Site "Hungary"]
[Date "2006.04.09"]
[Round "10"]
[White "Gal, Sandor"]
[Black "Meszaros, Imre"]
[Result "0-1"]
[WhiteElo "2155"]
[BlackElo "2080"]
[PlyCount "62"]
[EventDate "2005.10.16"]
[EventType "team-tourn"]
[EventRounds "11"]
[EventCountry "HUN"]
[SourceTitle "EXT 2009"]
[Source "ChessBase"]
[SourceDate "2008.11.26"]
[SourceVersion "1"]
[SourceVersionDate "2008.11.26"]
[SourceQuality "1"]
[WhiteTeam "Karcag"]
[BlackTeam "Szentes"]
[WhiteTeamCountry "HUN"]
[BlackTeamCountry "HUN"]

1. e4 c5 2. Nf3 d6 3. d4 cxd4 4. Nxd4 Nf6 5. Nc3 a6 6. Bg5 e6 7. Bc4 Be7 8. Qd2 0-0 9. f3 b5 10. Bb3 b4 11. Nce2 Nxe4 12. fxe4 Bxg5 13. Qxb4 a5 14. Qb5 Ba6 15. Qa4 d5 16. exd5 exd5 17. c4 dxc4 18. Bxc4 Bb7 19. Qb3 Bxg2 20. Rg1 Bh4+ 21. Kd1 Nc6 22. Rxg2 Nxd4 23. Nxd4 Qxd4+ 24. Rd2 Qg4+ 25. Re2 Rfd8+ 26. Bd3 Qg1+ 27. Kc2 Rac8+ 28. Bc4 Qd4 29. Rf1 a4 30. Qb5 Rxc4+ 31. Qxc4 Qxc4+ 0-1

[Event "HUN-chT2 Toth 0506"]
[Site "Hungary"]
[Date "2006.01.22"]
[Round "6"]
[White "Meszaros, Imre"]
[Black "Pasztorcsik, Janos"]
[Result "0-1"]
[WhiteElo "2080"]
[BlackElo "2127"]
[PlyCount "68"]
[EventDate "2005.10.16"]
[EventType "team-tourn"]
[EventRounds "11"]
[EventCountry "HUN"]
[SourceTitle "EXT 2009"]
[Source "ChessBase"]
[SourceDate "2008.11.26"]
[SourceVersion "1"]
[SourceVersionDate "2008.11.26"]
[SourceQuality "1"]
[WhiteTeam "Szentes"]
[BlackTeam "Oroshaza"]
[WhiteTeamCountry "HUN"]
[BlackTeamCountry "HUN"]

1. c4 e5 2. Nc3 Bb4 3. Nd5 Be7 4. g3 c6 5. Nxe7 Nxe7 6. Bg2 d5 7. cxd5 cxd5 8. Nf3 Nbc6 9. d3 0-0 10. 0-0 b6 11. a3 f6 12. b4 Be6 13. Nd2 Rc8 14. Nb3 a6 15. d4 e4 16. e3 Nf5 17. Qe2 Nb8 18. Bb2 Nd6 19. Rac1 Qd7 20. Nd2 Qa4 21. f3 f5 22. Qd1 Qd7 23. Qe2 Qb7 24. fxe4 dxe4 25. Qh5 Nd7 26. Qg5 Nf6 27. Qf4 Qd7 28. Qf2 Ng4 29. Qe2 b5 30. h3 Nf6 31. Rc5 Nc4 32. Nb1 Qd6 33. Re5 Nd7 34. Rd1 Nxb2 0-1

[Event "HUN-chT2 Toth 0506"]
[Site "Hungary"]
[Date "2005.10.30"]
[Round "2"]
[White "Bernath, Robert"]
[Black "Meszaros, Imre"]
[Result "1-0"]
[WhiteElo "2147"]
[BlackElo "2080"]
[PlyCount "81"]
[EventDate "2005.10.16"]
[EventType "team-tourn"]
[EventRounds "11"]
[EventCountry "HUN"]
[SourceTitle "EXT 2009"]
[Source "ChessBase"]
[SourceDate "2008.11.26"]
[SourceVersion "1"]
[SourceVersionDate "2008.11.26"]
[SourceQuality "1"]
[WhiteTeam "Maroczy"]
[BlackTeam "Szentes"]
[WhiteTeamCountry "HUN"]
[BlackTeamCountry "HUN"]

1. e4 c5 2. Nf3 d6 3. d4 cxd4 4. Nxd4 Nf6 5. Nc3 a6 6. Bg5 e6 7. f4 Nbd7 8. Qf3 Be7 9. 0-0-0 Qc7 10. g4 b5 11. Bxf6 gxf6 12. f5 Ne5 13. Qh3 Bd7 14. fxe6 fxe6 15. Qh5+ Kd8 16. g5 fxg5 17. Bh3 b4 18. Nce2 Qc8 19. Qh6 Ng6 20. Rhf1 Kc7 21. Rf7 Kb6 22. Qg7 Bf8 23. Qf6 g4 24. Bxg4 Ne5 25. Bxe6 Bxe6 26. Nxe6 Nxf7 27. Qxf7 Ra7 28. Qf2+ Kb7 29. N2f4 Ka8 30. Qd4 Be7 31. Nd5 Rb7 32. Nec7+ Rxc7 33. Nb6+ Kb7 34. Nxc8 Rhxc8 35. Qxb4+ Ka8 36. Qa4 Ka7 37. Rd3 Rc4 38. Qb3 Rxe4 39. Kd1 Rf8 40. Rf3 Rd4+ 41. Ke2 1-0